| 000 | nam a22 a 4500 | ||
|---|---|---|---|
| 999 |
_c187921 _d187921 |
||
| 003 | BLK | ||
| 005 | 20221026125149.0 | ||
| 008 | 180411b bul|||||r ||||||| ||bul|| | ||
| 010 | _aKNG00196938000 | ||
| 040 | _aBLK | ||
| 041 |
_aBUL _cBUL |
||
| 080 |
_aВоенно дело. Военни науки. Народна отбрана. Въоръжени сили _b355/359 _z355/359 |
||
| 080 |
_aВоенновъздушни сили. Вж и 355.3 ; 359 _b358.4 _x(093) _z358.4(093) |
||
| 100 | 1 |
_aСтоянов, Стоян Илиев _eпърви автор _9340134 |
|
| 139 |
_aСтоянов, Стоян Илиев _bС 83 |
||
| 245 | 1 | 0 |
_aНие бранихме тебе, София _bСпомени _cСтоян Илиев Стоянов; лит. обраб. Георги Иванов Пенчев; предг. от Захари Захариев. |
| 257 | _aBGR | ||
| 260 |
_aСофия _bДърж. воен. изд. _c1972 _9215670 _dДВИ |
||
| 300 |
_a195 с. _c25 см |
||
| 380 | _a3 | ||
| 500 | _a10 100 тир. - Отбраната на София от бълг. летци по време на англо-американските бомбардировки 1943 - 1944 г. | ||
| 650 | 4 |
_aВтора световна война - въздушни операции _9271559 |
|
| 650 | 4 |
_aЛетци, български - спомени _9318868 |
|
| 700 | 1 |
_aПенчев, Георги Иванов _eлит. обраб. _9370871 |
|
| 700 | 1 |
_aЗахариев, Захари _eпредг. от _9378334 |
|
| 852 |
_aЦб 64290 _bЦб |
||
| 856 | 4 |
_qpdf _i0.00 _ldisable |
|
| 856 | 4 |
_qpdf _i0.00 _ldisable |
|
| 942 |
_cKNG _n0 _s1 |
||
| 944 |
_aCR _c28.11.2016 _kГрета_Цуфелде |
||
| 944 |
_aED _c2022-07-26 _kир |
||
| 999 | _d187921 | ||
| 999 | _d187921 | ||